Los escarabajos vuelan al atardecer / (Record no. 164867)

MARC details
000 -CABECERA
campo de control de longitud fija 00693nam a2200217 u 4500
005 - FECHA Y HORA DE LA ÚLTIMA TRANSACCIÓN
campo de control 20220915064207.0
008 - ELEMENTOS DE LONGITUD FIJA--INFORMACIÓN GENERAL
campo de control de longitud fija 130910s1983 r 000 0 eng d
020 ## - NÚMERO INTERNACIONAL NORMALIZADO PARA LIBROS
Número Internacional Estándar del Libro 9788434811638
035 ## - NÚMERO DE CONTROL DEL SISTEMA
Número de control de sistema UPN01000192765
049 ## - COLECCIÓN
Colección CG
050 #4 - SIGNATURA TOPOGRÁFICA DE LA BIBLIOTECA DEL CONGRESO
Número de clasificación PT9875 G6.5
Número de documento/Ítem E6.3
100 1# - ASIENTO PRINCIPAL--NOMBRE PERSONAL
Nombre de persona Gripe, María,
Fechas asociadas al nombre 1923-2007
9 (RLIN) 35037
245 14 - MENCIÓN DE TÍTULO
Título Los escarabajos vuelan al atardecer /
Mención de responsabilidad, etc. María Gripe ; tr. La Ruiz Corbella.
260 ## - PUBLICACIÓN, DISTRIBUCIÓN, ETC.
Lugar de publicación, distribución, etc. Madrid :
Nombre del editor, distribuidor, etc. SM,
Fecha de publicación, distribución, etc. 1983.
440 #0 - MENCIÓN DE SERIE/ASIENTO SECUNDARIO--TÍTULO
Título Gran angular ;
Designación de volumen o secuencia 31
534 ## - NOTA SOBRE LA VERSIÓN ORIGINAL
Frase introductoria Título original:
Mención de título del original Tordyveln flyger i skymningen
650 #0 - ASIENTO SECUNDARIO DE MATERIA - TERMINO TEMATICO
Término de materia o nombre geográfico como elemento de entrada Aventuras y aventureros
9 (RLIN) 4121
650 #0 - ASIENTO SECUNDARIO DE MATERIA - TERMINO TEMATICO
Término de materia o nombre geográfico como elemento de entrada Amistad
Subdivisión de forma Novela
9 (RLIN) 8175
650 #4 - ASIENTO SECUNDARIO DE MATERIA - TERMINO TEMATICO
Término de materia o nombre geográfico como elemento de entrada NATURALEZA -
Subdivisión de forma LITERATURA JUVENIL
9 (RLIN) 12223
905 ## - TIPO DE MATERIAL
Tipo de material Libro
Holdings
Estado de retiro Estado de pérdida Fuente del sistema de clasificación o colocación Estado dañado No para préstamo Código de colección Localización permanente Ubicación/localización actual Ubicación en estantería Total de préstamos Clasificación Código de barras Fecha visto por última vez Número de copia Tipo de ítem Koha
    Library of Congress Classification     Colección General Bib. Gregorio Torres Quintero Bib. Gregorio Torres Quintero Planta baja 1 PT9875 G6.5 E6.3 206923 31/12/2020 1 Libro